Japan’s war economy
Đã lưu trong:
| 主要作者: | |
|---|---|
| 格式: | 圖書 |
| 語言: | Undetermined |
| 出版: |
New York
International secretariat, Institute of Pacific relations, distributed by the Macmillan company,
1945
|
| 主題: | |
| 標簽: |
添加標簽
沒有標簽, 成為第一個標記此記錄!
|
| Thư viện lưu trữ: | Trung tâm Học liệu Trường Đại học Cần Thơ |
|---|
| LEADER | 00599nam a2200205Ia 4500 | ||
|---|---|---|---|
| 001 | CTU_96821 | ||
| 008 | 210402s9999 xx 000 0 und d | ||
| 082 | |a 330.952 | ||
| 082 | |b B623 | ||
| 100 | |a Bisson, T. A. | ||
| 245 | 0 | |a Japan’s war economy | |
| 245 | 0 | |c T. A. Bisson | |
| 260 | |a New York | ||
| 260 | |b International secretariat, Institute of Pacific relations, distributed by the Macmillan company, | ||
| 260 | |c 1945 | ||
| 650 | |a World War, 1939-1945 | ||
| 650 | |x Economic aspects | ||
| 650 | |z Japan | ||
| 904 | |i Năm | ||
| 980 | |a Trung tâm Học liệu Trường Đại học Cần Thơ | ||